Projektové úlohy v súvislostiach a čase - Ganttov diagram

Dobré plánovanie času potrebného na realizáciu projektu. Ganttov diagram ako metóda používaná na zobrazenie jednotlivých projektových aktivít v čase. Postup pri tvorbe Ganttovho diagramu.

Saved in:
Bibliographic Details
Main Author: Minárik, Peter
Format: Book Chapter
Language:Slovak
Subjects:
Tags: Add Tag
No Tags, Be the first to tag this record!

MARC

LEADER 00000naa a2200000 4500
001 0185239
005 20230912114230.0
041 0 |a slo 
044 |a SK 
245 1 0 |a Projektové úlohy v súvislostiach a čase - Ganttov diagram  |c Peter Minárik 
520 |a Dobré plánovanie času potrebného na realizáciu projektu. Ganttov diagram ako metóda používaná na zobrazenie jednotlivých projektových aktivít v čase. Postup pri tvorbe Ganttovho diagramu. 
610 2 0 |a manažment 
610 2 0 |a riadenie projektové 
610 2 0 |a plánovanie času 
610 2 0 |a projekty 
610 2 0 |a organizácia času 
610 2 0 |a organizácia práce 
610 2 0 |a projektovanie 
100 1 |a Minárik, Peter